| 000 | 00927cam a22002775a 4500 | ||
|---|---|---|---|
| 001 | 016257105 | ||
| 003 | OSt | ||
| 005 | 20151207113644.0 | ||
| 008 | 130116t2014 caua frbd 001 0 eng d | ||
| 020 | _a9781452274614 (paperback) | ||
| 040 |
_aStDuBDS _beng _cStDuBDS _dUk _dEG-ScBUE |
||
| 082 | 0 | 4 |
_a300.72 _222 _bCRE |
| 100 | 1 |
_aCreswell, John W. _938851 |
|
| 245 | 1 | 0 |
_aResearch design : _bqualitative, quantitative, and mixed method approaches / _cJohn W. Creswell. |
| 250 | _a4th ed., International student ed. | ||
| 260 |
_aCalifornia : _bSAGE Publications, _cc.2014. |
||
| 300 |
_axxix, 273 p. : _bill. ; _c26 cm. |
||
| 500 | _aPrevious edition : 2008. | ||
| 500 | _aGlossary : p. 241-250. | ||
| 500 | _aIncludes indexes. | ||
| 504 | _aBibliography : p. 251-260. | ||
| 650 | 7 |
_aSocial sciences _xResearch _xMethodology. _2BUEsh _920647 |
|
| 651 | _2BUEsh | ||
| 653 |
_bBUSADM _cAugust2015 _cDecember2015 |
||
| 942 | _2ddc | ||
| 999 |
_c20731 _d20703 |
||